Konkurencieschopnosť železničnej nákladnej dopravy - prípadová štúdia Slovenská republika diplomová práca

Gespeichert in:
Bibliographische Detailangaben
1. Verfasser: Brauner, Ivan
Körperschaft: Obchodná fakulta EU. Katedra medzinárodného obchodu
Weitere Verfasser: Hansenová, Heda
Format: Buch
Sprache:Slowakisch
Veröffentlicht: Bratislava 2010
Tags: Tag hinzufügen
Keine Tags, Fügen Sie das erste Tag hinzu!

MARC

LEADER 00000nam a2200000 4500
001 0119598
005 20240318122437.0
041 0 |a slo 
044 |a SK 
245 1 0 |a Konkurencieschopnosť železničnej nákladnej dopravy - prípadová štúdia Slovenská republika  |b diplomová práca  |c Ivan Brauner ; škol. Heda Hansenová 
264 1 |a Bratislava  |c 2010 
300 |a 89 s. 
100 1 |a Brauner, Ivan 
700 1 |a Hansenová, Heda 
710 2 |a Obchodná fakulta EU. Katedra medzinárodného obchodu